书目信息 |
| 题名: |
大学英语四级词汇考试手册
|
|
| 作者: | 楚向群 , 田秋僧 主编 | |
| 分册: | ||
| 出版信息: | 北京 外文出版社 2000.05 |
|
| 页数: | 385页 | |
| 开本: | 21cm | |
| 丛书名: | ||
| 单 册: | ||
| 中图分类: | H313-62 | |
| 科图分类: | ||
| 主题词: | 英语--词汇--手册 | |
| 电子资源: | ||
| ISBN: | 7-119-02623-2 | |
| 000 | 00598nam0 2200193 45 | |
| 001 | 0012261094 | |
| 005 | 20061017164904.32 | |
| 010 | @a7-119-02623-2@dCNY14.00 | |
| 100 | @a20001226d2000 km y0chiy0120 ea | |
| 101 | 0 | @aeng |
| 200 | 1 | @a大学英语四级词汇考试手册@ADa Xue Ying Yu Si Ji Ci Hui Kao Shi Shou Ce@f楚向群,田秋僧主编@FChu Xiang Qun,Tian Qiu Seng Zhu Bian |
| 210 | @a北京@c外文出版社@d2000.05 | |
| 215 | @a385页@d21cm | |
| 606 | 0 | @a英语@x词汇@x手册 |
| 690 | @aH313-62@v1 | |
| 701 | 0 | @a楚向群@4主编 |
| 701 | 0 | @a田秋僧@4主编 |
| 801 | @aCN@bTSTC@c20061017 | |
| 905 | @dH313-62@e235@f1@b294528 | |
| 大学英语四级词汇考试手册/楚向群,田秋僧主编.-北京:外文出版社,2000.05 |
| 385页;21cm |
| ISBN 7-119-02623-2:CNY14.00 |
| ● |
| 相关链接 |
|
|
|
|
正题名:大学英语四级词汇考试手册
索取号:H313-62/235
 
预约/预借
| 序号 | 登录号 | 条形码 | 馆藏地/架位号 | 状态 | 备注 |
| 1 | 0294518 | 202945180 | 第四借阅区/ [索取号:H313-62/235] | 在馆 | |
| 2 | 0294519 | 002945193 | 第四借阅区/ [索取号:H313-62/235] | 在馆 | |
| 3 | 0294520 | 002945200 | 第四借阅区/ [索取号:H313-62/235] | 在馆 | |
| 4 | 0294521 | 002945219 | 第四借阅区/ [索取号:H313-62/235] | 在馆 | |
| 5 | 0294522 | 002945228 | 第四借阅区/ [索取号:H313-62/235] | 在馆 | |
| 6 | 0294523 | 002945237 | 第四借阅区/ [索取号:H313-62/235] | 在馆 | |
| 7 | 0294524 | 002945246 | 第四借阅区/ [索取号:H313-62/235] | 在馆 | |
| 8 | 0294525 | 002945255 | 第四借阅区/ [索取号:H313-62/235] | 在馆 | |
| 9 | 0294526 | 002945264 | 第四借阅区/ [索取号:H313-62/235] | 在馆 | |
| 10 | 0294527 | 002945273 | 第四借阅区/ [索取号:H313-62/235] | 在馆 | |
| 11 | 0294528 | 202945288 | 第四借阅区/ [索取号:H313-62/235] | 在馆 | |
| 12 | 0294529 | 002945291 | 第四借阅区/ [索取号:H313-62/235] | 在馆 | |
| 13 | 0294530 | 002945308 | 第二样本阅览室/ [索取号:H313-62/235] | 在馆 | |
| 14 | 0294531 | 002945317 | 第四借阅区/ [索取号:H313-62/235] | 在馆 | |
| 15 | 0294532 | 002945326 | 第四借阅区/ [索取号:H313-62/235] | 在馆 | |
| 16 | 0499540 | 204995407 | 密集书库/ [索取号:H313-62/235] | 在馆 |